Život mezi budovami. Užívání veřejných prostranství
Guardado en:
| Autor principal: | |
|---|---|
| Formato: | Libro |
| Lenguaje: | checo |
| Publicado: |
Brno :
Nadace Partnerství,
2000
|
| Etiquetas: |
Sin Etiquetas, Sea el primero en etiquetar este registro!
|
MARC
| LEADER | 00000nam a22000003a 4500 | ||
|---|---|---|---|
| 001 | stu248593 | ||
| 005 | 20150617230156.1 | ||
| 008 | 120618s2000------------------------cze-d | ||
| 020 | |a 80-85834-79-0 | ||
| 040 | |a STU |b slo | ||
| 041 | 0 | |a cze | |
| 100 | 1 | |a Gehl, Jan |4 aut | |
| 245 | 1 | |a Život mezi budovami. Užívání veřejných prostranství | |
| 260 | |a Brno : |b Nadace Partnerství, |c 2000 | ||
| 300 | |a 202 s | ||
| 996 | |b 284AU05250 |c A*8007 |l AA6160 |s P |a 0 |w stu248593_0001 | ||
| 996 | |b 284AU05377 |c A*8104 U |l AAKNST |s P |a 0 |w stu248593_0002 | ||